[Event "EU-ch Blitz"]
[Site "Zagreb"]
[Date "2023.12.16"]
[Round "8"]
[White "Mamedov, Rauf"]
[Black "Tisaj, Domen"]
[Result "1/2-1/2"]
[WhiteElo "2651"]
[BlackElo "2414"]
[PlyCount "202"]
[EventDate "2023.12.16"]
[EventType "swiss (blitz)"]
[EventRounds "13"]
[EventCountry "CRO"]
[SourceTitle "CB51_2023"]
[SourceDate "2023.12.20"]
[SourceVersion "1"]
[SourceVersionDate "2023.12.20"]
[SourceQuality "1"]

1. e4 e5 2. Nf3 Nf6 3. d3 Nc6 4. g3 d5 5. exd5 Nxd5 6. Bg2 Bd6 7. 0-0 0-0 8. Nbd2 Nb6 9. Re1 Re8 10. a3 a5 11. Ne4 Bf8 12. Rb1 h6 13. Be3 Nd5 14. Bd2 a4 15. c4 Nde7 16. Bc3 Nf5 17. Qc2 Nfd4 18. Bxd4 exd4 19. Ned2 Bf5 20. Rxe8 Qxe8 21. Re1 Qd7 22. Ne4 Kh8 23. Nfd2 Be6 24. f4 Bh3 25. Nf3 Bxg2 26. Kxg2 Qf5 27. Nf2 g6 28. Ne5 Nxe5 29. Rxe5 Qd7 30. Qe2 Kg8 31. Qf3 c6 32. h4 Bg7 33. Re4 f5 34. Re1 h5 35. Qd1 b5 36. cxb5 cxb5 37. Qf3 Re8 38. Rxe8+ Qxe8 39. Qd5+ Kh7 40. Qb7 Kg8 41. Qf3 Bf6 42. Nh3 Kf8 43. Qd5 Qe2+ 44. Nf2 Qe8 45. Qf3 Kg7 46. Nh3 Kf8 47. Ng1 Qc8 48. Qe2 Qe8 49. Qc2 Kg7 50. Nf3 Kh6 51. Ng5 Bxg5 52. hxg5+ Kg7 53. Qf2 Qc6+ 54. Kh2 Qc5 55. Qe2 Kf7 56. Kh3 Qd5 57. Kh2 Qc5 58. Qg2 Qe7 59. Qd5+ Kf8 60. Qxd4 Qe2+ 61. Kh3 Qf1+ 62. Kh2 Qe2+ 63. Kg1 Qe1+ 64. Kg2 Qe2+ 65. Qf2 Qxd3 66. Qc5+ Ke8 67. Qc6+ Kd8 68. Qb6+ Kc8 69. Qe6+ Kb7 70. Qf7+ Kc8 71. Qe6+ Kb7 72. Qe7+ Kc8 73. Qe6+ Kb7 74. Qf7+ Kc8 75. Qe8+ Kb7 76. Qe5 Kc8 77. Kf2 Qd2+ 78. Qe2 Qd4+ 79. Kg2 Qd5+ 80. Kh2 Kd7 81. Qe3 Qc4 82. Qa7+ Qc7 83. Qd4+ Qd6 84. Qc3 Qe6 85. Qd2+ Kc6 86. Qc3+ Kb7 87. Qd3 Qc6 88. Qd4 Kc7 89. Kg1 Qc1+ 90. Kf2 Qc6 91. Ke3 Kb7 92. Kd2 Kc7 93. Qg7+ Kb6 94. Qd4+ Kb7 95. Kd3 Qf3+ 96. Qe3 Qxe3+ 97. Kxe3 Kc6 98. Kd2 Kd6 99. Kc2 Kc6 100. Kd2 Kd6 101. Kc2 Kd5 1/2-1/2

[Event "EU-ch Blitz"]
[Site "Zagreb"]
[Date "2023.12.16"]
[Round "10"]
[White "Sebenik, Matej"]
[Black "Tisaj, Domen"]
[Result "1/2-1/2"]
[WhiteElo "2534"]
[BlackElo "2414"]
[PlyCount "95"]
[EventDate "2023.12.16"]
[EventType "swiss (blitz)"]
[EventRounds "13"]
[EventCountry "CRO"]
[SourceTitle "CB51_2023"]
[SourceDate "2023.12.20"]
[SourceVersion "1"]
[SourceVersionDate "2023.12.20"]
[SourceQuality "1"]

1. c4 e6 2. g3 d5 3. Bg2 Nf6 4. Nf3 dxc4 5. Qa4+ Bd7 6. Qxc4 c5 7. Ne5 Qc8 8. Qd3 Nc6 9. Nxd7 Nxd7 10. Nc3 Be7 11. b3 0-0 12. Bb2 Rd8 13. Rd1 Nf6 14. Qb1 Qd7 15. 0-0 Rac8 16. d3 a6 17. Na4 Rc7 18. Nb6 Qe8 19. e3 Nd7 20. Nxd7 Qxd7 21. Qa1 Bf8 22. Rd2 Qc8 23. Rfd1 Rcd7 24. h4 h6 25. a3 Na5 26. Qa2 Qc7 27. Bc3 Nc6 28. Qb2 b5 29. b4 cxb4 30. axb4 Ne7 31. e4 Nc8 32. Be5 Qb7 33. d4 Nb6 34. d5 Nc4 35. Qc3 Nxd2 36. Rxd2 exd5 37. exd5 Rc8 38. Qb3 Rc1+ 39. Kh2 Bd6 40. Bb2 Rc4 41. Qe3 Rxh4+ 42. Kg1 Rxb4 43. Qe8+ Kh7 44. Be4+ Rxe4 45. Qxe4+ Kg8 46. Qe8+ Kh7 47. Qe4+ Kg8 48. Qe8+ 1/2-1/2

[Event "Titled Tuesday intern op 16th May Late"]
[Site "Chess.com INT"]
[Date "2023.05.16"]
[Round "10"]
[White "Tisaj, Domen"]
[Black "Buchenau, Frank"]
[Result "0-1"]
[WhiteElo "2386"]
[BlackElo "2222"]
[PlyCount "36"]
[EventDate "2023.05.16"]
[EventType "swiss (blitz)"]
[EventRounds "11"]
[EventCountry "USA"]
[SourceTitle "CBM 214 Extra"]
[Source "ChessBase"]
[SourceDate "2023.07.31"]
[SourceVersion "1"]
[SourceVersionDate "2023.07.31"]
[SourceQuality "1"]

1. b3 d5 2. e3 e5 3. Bb2 Nd7 4. Nf3 Bd6 5. d4 e4 6. Ne5 Qe7 7. Nxd7 Bxd7 8. c4 c6 9. Nc3 Nf6 10. cxd5 cxd5 11. Be2 a6 12. 0-0 0-0 13. Rc1 Rac8 14. Qd2 b5 15. f3 b4 16. Na4 Bb5 17. fxe4 Nxe4 18. Qd1 Qh4 0-1

[Event "SLO-ch 33rd"]
[Site "Radenci"]
[Date "2023.04.30"]
[Round "7"]
[White "Sebenik, Matej"]
[Black "Tisaj, Domen"]
[Result "1/2-1/2"]
[WhiteElo "2523"]
[BlackElo "2378"]
[PlyCount "81"]
[EventDate "2023.04.25"]
[EventType "team-match"]
[EventRounds "9"]
[EventCountry "SLO"]
[SourceTitle "CBM 214 Extra"]
[Source "ChessBase"]
[SourceDate "2023.07.31"]
[SourceVersion "1"]
[SourceVersionDate "2023.07.31"]
[SourceQuality "1"]

1. Nf3 d5 2. g3 Nd7 3. d4 Nb6 4. Nc3 Nf6 5. Bg2 g6 6. a4 a5 7. 0-0 Bg7 8. Ne5 0-0 9. e4 Be6 10. exd5 Nbxd5 11. Ne2 c6 12. Nd3 Qc8 13. c4 Nb6 14. b3 Bh3 15. Be3 Bxg2 16. Kxg2 Nbd7 17. h3 Ne4 18. Qc2 Nd6 19. g4 f5 20. f3 e5 21. dxe5 Nxe5 22. Nxe5 Bxe5 23. Rad1 fxg4 24. hxg4 Nf7 25. Ng3 Qe6 26. Ne4 Rad8 27. Rde1 Bc7 28. Bc5 Rfe8 29. g5 Kg7 30. Nd6 Rxd6 31. Rxe6 Rdxe6 32. Qc3+ Kg8 33. f4 b6 34. Bd4 c5 35. Bg1 Nd6 36. Qf3 Re4 37. Qd3 Nf5 38. Qd7 R8e7 39. Qd5+ Kg7 40. Qc6 R4e6 41. Qa8 1/2-1/2

[Event "SLO-ch 33rd"]
[Site "Radenci"]
[Date "2023.04.28"]
[Round "5"]
[White "Plaskan, Jure"]
[Black "Tisaj, Domen"]
[Result "0-1"]
[WhiteElo "2258"]
[BlackElo "2378"]
[PlyCount "118"]
[EventDate "2023.04.25"]
[EventType "team-match"]
[EventRounds "9"]
[EventCountry "SLO"]
[SourceTitle "CBM 214 Extra"]
[Source "ChessBase"]
[SourceDate "2023.07.31"]
[SourceVersion "1"]
[SourceVersionDate "2023.07.31"]
[SourceQuality "1"]

1. e4 e6 2. d4 d5 3. Nc3 dxe4 4. Nxe4 Nd7 5. Nf3 Ngf6 6. Bd3 Be7 7. 0-0 0-0 8. Qe2 b6 9. Ne5 Bb7 10. Ng5 h6 11. Ngf3 c5 12. c3 cxd4 13. cxd4 Rc8 14. Bd2 Bd6 15. Rfe1 Qc7 16. Rac1 Qb8 17. Bc3 Rc7 18. Bb1 Re8 19. Nxd7 Nxd7 20. Ne5 Nf6 21. h3 Qc8 22. Bd2 Rxc1 23. Rxc1 Qa8 24. Ng4 Nxg4 25. Qxg4 Kf8 26. Bd3 Bd5 27. a3 Qb7 28. Bb4 Qe7 29. Bb5 Rd8 30. Bd2 Qb7 31. Bf4 Qb8 32. Bxd6+ Qxd6 33. Rc3 Bb7 34. Qg3 Qxg3 35. Rxg3 a6 36. Bf1 Rxd4 37. Rc3 Ke7 38. Rb3 b5 39. f3 Bd5 40. Rc3 Rd1 41. Kf2 Rd2+ 42. Ke3 Rxb2 43. Rc7+ Kf6 44. Ra7 Bc4 45. Bxc4 bxc4 46. Rxa6 Rxg2 47. Rc6 Ra2 48. Rxc4 Rxa3+ 49. Kf4 g5+ 50. Kg3 h5 51. Rb4 Kf5 52. Rc4 e5 53. Rb4 f6 54. Rc4 Ra2 55. h4 g4 56. Rc3 Ra4 57. Rb3 Rf4 58. fxg4+ hxg4 59. Rb6 Rf3+ 0-1

[Event "SLO-ch 33rd"]
[Site "Radenci"]
[Date "2023.04.27"]
[Round "4"]
[White "Tisaj, Domen"]
[Black "Tratar, Marko"]
[Result "1-0"]
[WhiteElo "2378"]
[BlackElo "2392"]
[PlyCount "97"]
[EventDate "2023.04.25"]
[EventType "team-match"]
[EventRounds "9"]
[EventCountry "SLO"]
[SourceTitle "CBM 214 Extra"]
[Source "ChessBase"]
[SourceDate "2023.07.31"]
[SourceVersion "1"]
[SourceVersionDate "2023.07.31"]
[SourceQuality "1"]

1. e4 e6 2. d4 d5 3. Nc3 Bb4 4. e5 c5 5. a3 Bxc3+ 6. bxc3 Qc7 7. h4 Ne7 8. Rh3 b6 9. h5 h6 10. Qg4 Rg8 11. Bd2 Ba6 12. Bxa6 Nxa6 13. Qe2 Nb8 14. Qb5+ Nd7 15. Ne2 Qc6 16. a4 a5 17. Rb1 Qxb5 18. Rxb5 Rc8 19. Kd1 Kd8 20. g4 cxd4 21. cxd4 Rc4 22. Ra3 Nc6 23. c3 Kc7 24. Nf4 Na7 25. Rb1 Re8 26. Kc2 Kb7 27. Kd3 Rec8 28. Rg1 Ka6 29. g5 b5 30. g6 b4 31. Rb3 Nc6 32. gxf7 bxc3 33. Bxc3 Ndxe5+ 34. Ke3 Nxf7 35. Rxg7 Nd6 36. Rg6 Nxd4 37. Bxd4 Nf5+ 38. Kd2 Nxd4 39. Rb2 Nf3+ 40. Ke3 Rc3+ 41. Ke2 Nd4+ 42. Kf1 R3c6 43. Rxh6 Rf8 44. Ng6 e5 45. Rh7 Rf5 46. f4 Ne6 47. Rh8 Rb6 48. Ra8+ Kb7 49. Rb8+ 1-0

[Event "Titled Tuesday intern op 14th Feb Early"]
[Site "Chess.com INT"]
[Date "2023.02.14"]
[Round "1"]
[White "Skaric, Djuro"]
[Black "Tisaj, Domen"]
[Result "0-1"]
[WhiteElo "2334"]
[BlackElo "2396"]
[PlyCount "122"]
[EventDate "2023.02.14"]
[EventType "swiss (blitz)"]
[EventRounds "11"]
[EventCountry "USA"]
[SourceTitle "CBM 212 Extra"]
[Source "ChessBase"]
[SourceDate "2023.03.31"]
[SourceVersion "1"]
[SourceVersionDate "2023.03.31"]
[SourceQuality "1"]

1. g3 h5 2. d4 h4 3. gxh4 d5 4. Nf3 Nf6 5. c4 dxc4 6. Nc3 e6 7. e4 b5 8. Bg5 b4 9. Ne2 Bb7 10. Ng3 Be7 11. Bxf6 gxf6 12. Bxc4 Nd7 13. Qa4 Kf8 14. Qb3 a5 15. Qd3 c5 16. d5 Nb6 17. b3 Nxc4 18. bxc4 Qd6 19. 0-0 Qf4 20. Qe3 Qg4 21. Kh1 Re8 22. Rg1 Qh3 23. Rad1 exd5 24. Nf5 dxe4 25. Nxe7 Qxf3+ 26. Qxf3 exf3 27. Rd7 Rxe7 28. Rd8+ Re8 29. Rd7 Bc8 30. Rc7 Bh3 31. Rd1 Rxh4 32. Rxc5 Be6 33. Rxa5 Rxc4 34. Rh5 Rec8 35. Rh8+ Ke7 36. Rxc8 Rxc8 37. h4 Rc4 38. Kh2 Rg4 39. Rd2 Rxh4+ 40. Kg3 Rc4 41. Kxf3 Rc3+ 42. Ke4 Ra3 43. Rb2 Ra4 44. Kd3 Bxa2 45. Kd4 Be6 46. Kc5 b3 47. Re2 Ra2 48. Re4 Rxf2 49. Rb4 Rf5+ 50. Kc6 Rd5 51. Kc7 Rd7+ 52. Kc6 f5 53. Kc5 Rc7+ 54. Kb6 Rc8 55. Kb7 Rc2 56. Kb6 b2 57. Ka5 Ba2 58. Rb7+ Kd6 59. Rb6+ Kc7 60. Ka4 Kxb6 61. Ka3 b1Q 0-1

[Event "Titled Tuesday intern op 14th Feb Early"]
[Site "Chess.com INT"]
[Date "2023.02.14"]
[Round "3"]
[White "Tisaj, Domen"]
[Black "Shturman, Arseniy"]
[Result "0-1"]
[WhiteElo "2396"]
[BlackElo "2185"]
[PlyCount "72"]
[EventDate "2023.02.14"]
[EventType "swiss (blitz)"]
[EventRounds "11"]
[EventCountry "USA"]
[SourceTitle "CBM 212 Extra"]
[Source "ChessBase"]
[SourceDate "2023.03.31"]
[SourceVersion "1"]
[SourceVersionDate "2023.03.31"]
[SourceQuality "1"]

1. Nf3 Nf6 2. b3 g6 3. Bb2 Bg7 4. e4 d6 5. d3 0-0 6. g3 e5 7. Bg2 Nc6 8. 0-0 Re8 9. Nbd2 d5 10. Re1 dxe4 11. Nxe4 Nxe4 12. Rxe4 f5 13. Re1 e4 14. Bxg7 exf3 15. Rxe8+ Qxe8 16. Bc3 fxg2 17. Qd2 Qf7 18. Re1 Be6 19. Qh6 Re8 20. h4 Bd7 21. Rxe8+ Bxe8 22. Kxg2 Ne7 23. Bb2 c5 24. Qe3 Bc6+ 25. Kf1 b6 26. Qe5 Kf8 27. Qb8+ Be8 28. Qxa7 Qe6 29. Qc7 Kf7 30. a4 Bc6 31. Be5 Qd7 32. Qxb6 Qd5 33. Qc7 Ke6 34. Bf4 Qh1+ 35. Ke2 Bf3+ 36. Kd2 Qd1+ 0-1

[Event "EU-ch Rapid"]
[Site "Katowice"]
[Date "2022.12.18"]
[Round "9"]
[White "Redzisz, Michal"]
[Black "Tisaj, Domen"]
[Result "0-1"]
[WhiteElo "2260"]
[BlackElo "2396"]
[PlyCount "82"]
[EventDate "2022.12.17"]
[EventType "swiss (rapid)"]
[EventRounds "11"]
[EventCountry "POL"]
[SourceTitle "CBM 211 Extra"]
[Source "ChessBase"]
[SourceDate "2023.01.31"]
[SourceVersion "1"]
[SourceVersionDate "2023.01.31"]
[SourceQuality "1"]

1. d4 d6 2. Nf3 Bg4 3. e4 Nf6 4. Nc3 Nc6 5. Be2 g6 6. Be3 Bg7 7. h3 Bxf3 8. Bxf3 0-0 9. Qd2 e5 10. dxe5 Nxe5 11. Be2 Nfd7 12. Bh6 Nb6 13. Bxg7 Kxg7 14. 0-0-0 Qf6 15. f4 Nec4 16. Qd4 Qxd4 17. Rxd4 Na5 18. Bf3 Nc6 19. Rd2 Rfe8 20. g4 h6 21. h4 f6 22. Nd5 Nxd5 23. exd5 Nb4 24. a3 Na6 25. Re2 Rxe2 26. Bxe2 Nc5 27. Bf3 Re8 28. Rf1 g5 29. hxg5 hxg5 30. f5 Nd7 31. Kd2 Ne5 32. Be2 Rh8 33. Rf2 Rh3 34. Rg2 Kf7 35. b3 Ke7 36. a4 c6 37. dxc6 bxc6 38. Bd1 d5 39. Re2 Kd6 40. Rg2 a5 41. Be2 Kc5 0-1

[Event "EU-ch Rapid"]
[Site "Katowice"]
[Date "2022.12.18"]
[Round "10"]
[White "Tisaj, Domen"]
[Black "Nasuta, Grzegorz"]
[Result "1/2-1/2"]
[WhiteElo "2396"]
[BlackElo "2546"]
[PlyCount "125"]
[EventDate "2022.12.17"]
[EventType "swiss (rapid)"]
[EventRounds "11"]
[EventCountry "POL"]
[SourceTitle "CBM 211 Extra"]
[Source "ChessBase"]
[SourceDate "2023.01.31"]
[SourceVersion "1"]
[SourceVersionDate "2023.01.31"]
[SourceQuality "1"]

1. d4 d5 2. c4 e6 3. Nc3 c6 4. Nf3 dxc4 5. a4 Bb4 6. e3 b5 7. Bd2 a5 8. axb5 Bxc3 9. Bxc3 cxb5 10. b3 Bb7 11. bxc4 b4 12. Bb2 Nf6 13. c5 0-0 14. Bb5 Qd5 15. 0-0 Nc6 16. Qe2 Ne7 17. Rfe1 Rfb8 18. Rec1 h6 19. Ne1 Bc6 20. Ba4 Qd7 21. Qd1 Ned5 22. Nd3 Bxa4 23. Qxa4 Qc7 24. Ne5 Ne4 25. Nc4 Nec3 26. Qc2 f5 27. f3 Nb5 28. Qb3 Kh8 29. e4 fxe4 30. fxe4 Ndc3 31. Nb6 Ne2+ 32. Kh1 Nxc1 33. Rxc1 Rxb6 34. cxb6 Qxb6 35. d5 exd5 36. Qxd5 Rf8 37. h3 a4 38. Qd7 Nc3 39. Bxc3 bxc3 40. Qxa4 Qe3 41. Qd1 Rf2 42. Qg1 Qf4 43. e5 c2 44. e6 Re2 45. e7 Qe4 46. Qf1 Qxe7 47. Ra1 Qe4 48. Kh2 Kh7 49. Kh1 Re3 50. Kh2 Qe5+ 51. Kg1 Qxa1 52. Qxa1 Rd3 53. Kf2 Rd1 54. Qe5 c1Q 55. Qe4+ Kg8 56. Qe8+ Kh7 57. Qe4+ g6 58. Qe7+ Kg8 59. Qe8+ Kg7 60. Qe7+ Kg8 61. Qe8+ Kg7 62. Qe7+ Kg8 63. Qe8+ 1/2-1/2

[Event "EU-ch Rapid"]
[Site "Katowice"]
[Date "2022.12.17"]
[Round "3"]
[White "Beliavsky, Alexander G"]
[Black "Tisaj, Domen"]
[Result "1/2-1/2"]
[WhiteElo "2499"]
[BlackElo "2396"]
[PlyCount "114"]
[EventDate "2022.12.17"]
[EventType "swiss (rapid)"]
[EventRounds "11"]
[EventCountry "POL"]
[SourceTitle "CBM 211 Extra"]
[Source "ChessBase"]
[SourceDate "2023.01.31"]
[SourceVersion "1"]
[SourceVersionDate "2023.01.31"]
[SourceQuality "1"]

1. Nf3 Nf6 2. c4 e6 3. Nc3 d5 4. d4 Be7 5. Bg5 Nbd7 6. e3 h6 7. Bh4 0-0 8. cxd5 Nxd5 9. Bxe7 Qxe7 10. Bd3 Nxc3 11. bxc3 e5 12. Qc2 Re8 13. Bh7+ Kh8 14. Bf5 exd4 15. cxd4 c5 16. 0-0 b6 17. Rfd1 cxd4 18. Nxd4 Nc5 19. a4 Bb7 20. a5 Rad8 21. axb6 axb6 22. Bh3 Ra8 23. Rxa8 Rxa8 24. Qb2 Qf6 25. g3 Bd5 26. Ra1 Rxa1+ 27. Qxa1 Nb3 28. Qc3 Nxd4 29. exd4 Qf3 30. Qxf3 Bxf3 31. Kf1 Kg8 32. Ke1 Kf8 33. Bf1 Ke7 34. Bc4 f6 35. Kd2 Kd6 36. Kc3 Bd5 37. Bd3 Bc6 38. Bg6 Kd5 39. Bc2 Kd6 40. h4 g5 41. hxg5 fxg5 42. Bd1 Be8 43. g4 Bc6 44. Kd3 Bd5 45. Kc3 Bg2 46. Be2 Be4 47. f3 Bc6 48. Bd1 Bb5 49. Bc2 Be2 50. Be4 Bb5 51. Kb4 Bc6 52. Kc4 Be8 53. Kb4 Bd7 54. Kc4 Bc6 55. Kb4 Be8 56. Kc4 Bc6 57. Kb4 Be8 1/2-1/2

[Event "EU-ch Blitz"]
[Site "Katowice"]
[Date "2022.12.16"]
[Round "3"]
[White "Swiatek, Bartosz"]
[Black "Tisaj, Domen"]
[Result "0-1"]
[WhiteElo "2074"]
[BlackElo "2396"]
[PlyCount "88"]
[EventDate "2022.12.16"]
[EventType "swiss (blitz)"]
[EventRounds "22"]
[EventCountry "POL"]
[SourceTitle "CBM 211 Extra"]
[Source "ChessBase"]
[SourceDate "2023.01.31"]
[SourceVersion "1"]
[SourceVersionDate "2023.01.31"]
[SourceQuality "1"]

1. e4 c5 2. Nf3 Nc6 3. d4 cxd4 4. Nxd4 Nf6 5. Nc3 d6 6. f4 e5 7. Nf3 Be7 8. Bd3 0-0 9. 0-0 a6 10. a4 Re8 11. Kh1 exf4 12. Bxf4 Be6 13. Ng5 Ne5 14. Qe2 Bg4 15. Qf2 h6 16. Nf3 Qc7 17. Bg3 Bxf3 18. gxf3 Nxd3 19. cxd3 Qd7 20. f4 Rac8 21. f5 d5 22. e5 Nh5 23. d4 Rc4 24. Rae1 Bb4 25. Bh4 Bxc3 26. bxc3 Rxc3 27. e6 Qc8 28. f6 Rxe6 29. fxg7 Qe8 30. Rxe6 Qxe6 31. Qg2 Qe4 32. Qxe4 dxe4 33. Re1 f5 34. Bf2 Nxg7 35. Kg2 Ne6 36. d5 Nf4+ 37. Kf1 Nxd5 38. Rd1 Rd3 39. Rc1 b5 40. axb5 axb5 41. Rc6 Kg7 42. Rc5 b4 43. Rb5 b3 44. Ke2 Nc3+ 0-1

[Event "EU-ch Blitz"]
[Site "Katowice"]
[Date "2022.12.16"]
[Round "1"]
[White "Tisaj, Domen"]
[Black "Gniado, Radoslaw"]
[Result "1-0"]
[WhiteElo "2396"]
[BlackElo "1751"]
[PlyCount "66"]
[EventDate "2022.12.16"]
[EventType "swiss (blitz)"]
[EventRounds "22"]
[EventCountry "POL"]
[SourceTitle "CBM 211 Extra"]
[Source "ChessBase"]
[SourceDate "2023.01.31"]
[SourceVersion "1"]
[SourceVersionDate "2023.01.31"]
[SourceQuality "1"]

1. d4 Nf6 2. c4 g6 3. g3 Bg7 4. Bg2 d6 5. Nf3 0-0 6. Nc3 Nc6 7. 0-0 a6 8. d5 Na5 9. b3 c5 10. dxc6 Nxc6 11. Bb2 Ne4 12. Qc2 Nxc3 13. Bxc3 e5 14. Rad1 Qe7 15. Qb2 Be6 16. Nd2 Rad8 17. e4 b5 18. Qc2 b4 19. Bb2 a5 20. Rfe1 Bg4 21. f3 Be6 22. Nf1 f5 23. exf5 Bxf5 24. Qd2 Kh8 25. Ne3 Be6 26. Nd5 Bxd5 27. Qxd5 Qc7 28. f4 Ne7 29. Qe6 Rf6 30. Qg4 h5 31. Qe2 Nf5 32. fxe5 Re6 33. Bd5 Re7 1-0

[Event "EU-ch Blitz"]
[Site "Katowice"]
[Date "2022.12.16"]
[Round "16"]
[White "Tisaj, Domen"]
[Black "Karas, Marek"]
[Result "1-0"]
[WhiteElo "2396"]
[BlackElo "2240"]
[PlyCount "85"]
[EventDate "2022.12.16"]
[EventType "swiss (blitz)"]
[EventRounds "22"]
[EventCountry "POL"]
[SourceTitle "CBM 211 Extra"]
[Source "ChessBase"]
[SourceDate "2023.01.31"]
[SourceVersion "1"]
[SourceVersionDate "2023.01.31"]
[SourceQuality "1"]

1. d4 Nf6 2. c4 e6 3. g3 c5 4. d5 exd5 5. cxd5 d6 6. Nc3 g6 7. Bg2 Bg7 8. Nf3 0-0 9. 0-0 a6 10. a4 Nbd7 11. Bf4 Qe7 12. Re1 Ng4 13. e4 Nge5 14. Qc2 Nxf3+ 15. Bxf3 Ne5 16. Be2 Bd7 17. Bd2 Rab8 18. f4 Ng4 19. Kg2 Rfe8 20. Bf3 f5 21. exf5 Qf8 22. Bxg4 h5 23. Bf3 Bxf5 24. Be4 Bxc3 25. Bxf5 Bxd2 26. Be6+ Rxe6 27. Rxe6 Bb4 28. Qxg6+ Qg7 29. Qxg7+ Kxg7 30. Rxd6 c4 31. Rd7+ Kf6 32. Kf3 Re8 33. Rc1 b5 34. axb5 axb5 35. Rb7 Bc5 36. Rxb5 Re3+ 37. Kg2 Re2+ 38. Kh3 Be3 39. Rd1 Bd2 40. Rc5 Ke7 41. Rxc4 h4 42. Rc2 hxg3 43. Rdxd2 1-0

[Event "EU-ch Blitz"]
[Site "Katowice"]
[Date "2022.12.16"]
[Round "13"]
[White "Tisaj, Domen"]
[Black "Krzywda, Andrzej"]
[Result "1-0"]
[WhiteElo "2396"]
[BlackElo "2262"]
[PlyCount "47"]
[EventDate "2022.12.16"]
[EventType "swiss (blitz)"]
[EventRounds "22"]
[EventCountry "POL"]
[SourceTitle "CBM 211 Extra"]
[Source "ChessBase"]
[SourceDate "2023.01.31"]
[SourceVersion "1"]
[SourceVersionDate "2023.01.31"]
[SourceQuality "1"]

1. d4 d5 2. c4 e6 3. Nc3 Nf6 4. cxd5 Nxd5 5. Nf3 c5 6. e3 Nc6 7. Bd3 cxd4 8. exd4 Be7 9. 0-0 0-0 10. Re1 Nxc3 11. bxc3 b6 12. h4 Bb7 13. h5 Re8 14. Qe2 Bf6 15. Qe4 g6 16. hxg6 hxg6 17. Qg4 Kg7 18. Bf4 Rh8 19. Be4 Qd7 20. d5 Nd8 21. dxe6 Nxe6 22. Be5 Bxe5 23. Nxe5 Qc7 24. Bxg6 1-0

[Event "EU-ch Blitz"]
[Site "Katowice"]
[Date "2022.12.16"]
[Round "4"]
[White "Tisaj, Domen"]
[Black "Swiatek, Bartosz"]
[Result "1-0"]
[WhiteElo "2396"]
[BlackElo "2074"]
[PlyCount "67"]
[EventDate "2022.12.16"]
[EventType "swiss (blitz)"]
[EventRounds "22"]
[EventCountry "POL"]
[SourceTitle "CBM 211 Extra"]
[Source "ChessBase"]
[SourceDate "2023.01.31"]
[SourceVersion "1"]
[SourceVersionDate "2023.01.31"]
[SourceQuality "1"]

1. d4 Nf6 2. c4 g6 3. g3 Bg7 4. Bg2 0-0 5. Nc3 d6 6. Nf3 Nc6 7. 0-0 a6 8. d5 Na5 9. b3 c5 10. dxc6 bxc6 11. Bb2 Rb8 12. Qd2 Qb6 13. Na4 Qc7 14. Rac1 c5 15. Rfe1 Bb7 16. Nh4 Nc6 17. Nc3 Nd4 18. Nd5 Nxd5 19. cxd5 e5 20. dxe6 fxe6 21. Bxd4 Bxg2 22. Nxg2 Bxd4 23. Qxd4 Qa5 24. Qxd6 Qxa2 25. Qxe6+ Kg7 26. Rxc5 Rb7 27. Rec1 Rff7 28. Qe5+ Kh6 29. Ne3 Rb4 30. R5c4 Rxc4 31. Rxc4 g5 32. Rc6+ Kh5 33. g4+ Kh4 34. Qg3# 1-0

[Event "Titled Tuesday intern op 29th Nov Late"]
[Site "Chess.com INT"]
[Date "2022.11.29"]
[Round "4"]
[White "Mohammed, Zozek Salah Mohamme"]
[Black "Tisaj, Domen"]
[Result "1-0"]
[WhiteElo "2144"]
[BlackElo "2354"]
[PlyCount "59"]
[EventDate "2022.11.29"]
[EventType "swiss (blitz)"]
[EventRounds "11"]
[EventCountry "USA"]
[SourceTitle "EXT 2024"]
[Source "ChessBase"]
[SourceDate "2023.10.10"]
[SourceVersion "1"]
[SourceVersionDate "2023.10.10"]
[SourceQuality "1"]

1. d4 d5 2. c4 dxc4 3. Nf3 Nf6 4. g3 c5 5. Bg2 cxd4 6. Qxd4 Qxd4 7. Nxd4 a6 8. Nd2 e5 9. N4f3 b5 10. Nxe5 Ra7 11. a4 Bb7 12. 0-0 Bxg2 13. Kxg2 Bd6 14. Nef3 Re7 15. axb5 axb5 16. Ra5 Rb7 17. Nd4 0-0 18. Rxb5 Rd7 19. Nxc4 Bxg3 20. hxg3 Rxd4 21. b3 Nc6 22. Bb2 Re4 23. Bxf6 gxf6 24. e3 Rd8 25. Rb6 Re6 26. Ra1 Rd3 27. Raa6 Nd8 28. Rd6 Nb7 29. Ra8+ Kg7 30. Rxd3 1-0

[Event "Titled Tuesday intern op 29th Nov Late"]
[Site "Chess.com INT"]
[Date "2022.11.29"]
[Round "3"]
[White "Tisaj, Domen"]
[Black "Bluebaum, Matthias"]
[Result "0-1"]
[WhiteElo "2354"]
[BlackElo "2651"]
[PlyCount "92"]
[EventDate "2022.11.29"]
[EventType "swiss (blitz)"]
[EventRounds "11"]
[EventCountry "USA"]
[SourceTitle "EXT 2024"]
[Source "ChessBase"]
[SourceDate "2023.10.10"]
[SourceVersion "1"]
[SourceVersionDate "2023.10.10"]
[SourceQuality "1"]

1. e4 e6 2. d4 d5 3. Nc3 Nf6 4. Bg5 dxe4 5. Nxe4 Be7 6. Nxf6+ Bxf6 7. Bxf6 Qxf6 8. Nf3 0-0 9. Bd3 c5 10. Qe2 cxd4 11. Qe4 g6 12. Qxd4 Qxd4 13. Nxd4 e5 14. Nb3 Nc6 15. c3 b6 16. Be4 Bb7 17. 0-0-0 Rad8 18. Rxd8 Rxd8 19. Rd1 Rxd1+ 20. Kxd1 f5 21. Bd5+ Kf8 22. Kd2 Ke7 23. f3 Kd6 24. Bg8 Ne7 25. Bf7 f4 26. Ke2 Nf5 27. Nd2 Ke7 28. Bg8 h6 29. Bc4 Nd6 30. Bd3 g5 31. b4 Ke6 32. a4 h5 33. h3 Bc6 34. Bc2 Kf6 35. Kd3 Nf5 36. Nf1 Nh4 37. b5 Bb7 38. a5 Nxg2 39. Ke2 Bxf3+ 40. Kxf3 Ne1+ 41. Ke4 Nxc2 42. a6 g4 43. c4 Na3 44. c5 Nxb5 45. cxb6 axb6 46. Kd5 Nc7+ 0-1

[Event "SLO-chT 32nd"]
[Site "Ljubljana"]
[Date "2022.10.29"]
[Round "8.4"]
[White "Osmanbegovic, Suad"]
[Black "Tisaj, Domen"]
[Result "0-1"]
[WhiteElo "2264"]
[BlackElo "2325"]
[PlyCount "74"]
[EventDate "2022.09.02"]
[EventType "team-tourn"]
[EventRounds "9"]
[EventCountry "SLO"]
[SourceTitle "EXT 2024"]
[Source "ChessBase"]
[SourceDate "2023.10.10"]
[SourceVersion "1"]
[SourceVersionDate "2023.10.10"]
[SourceQuality "1"]
[WhiteTeam "Maribor Branik"]
[BlackTeam "Maribor ZSK"]
[WhiteTeamCountry "SLO"]
[BlackTeamCountry "SVK"]

1. g3 d5 2. Bg2 e5 3. c4 d4 4. d3 Nf6 5. Nf3 Nc6 6. 0-0 Be7 7. b4 Nxb4 8. Nxe5 0-0 9. a3 Na6 10. Nd2 Bd6 11. Nef3 c5 12. Rb1 Rb8 13. e4 dxe3 14. fxe3 Ng4 15. Ne4 Be7 16. h3 Nf6 17. Nfg5 Nxe4 18. Nxe4 Be6 19. Kh2 Nc7 20. Nc3 Bf6 21. Ne4 Be7 22. Nc3 Qd7 23. e4 Bd6 24. Nd5 Be5 25. Qe2 Qd6 26. Bf4 f6 27. h4 b6 28. Rf2 Rbe8 29. Qd2 Bd7 30. Bh3 Bxh3 31. Kxh3 Nxd5 32. cxd5 Qd7+ 33. Kg2 Bd4 34. Re2 f5 35. Rbe1 Rf7 36. Kh2 Rfe7 37. Rf1 h6 0-1